Úlohy ROH pri rozvíjaní starostlivosti o zdravie pracujúcich

Bibliographic Details
Main Authors: Skalický, T. (Author), Kubín, J. (Author), Jonáš, Ján, 1919-1977 (Author), Makovický, Emil, 1910-2002 (Author), Šramel, K. (Author), Červenka, Juraj, 1918-2001 (Author), Fajkus, O. (Author), Hubač, M. (Author), Just, E. (Author), Kolinová, M. (Author), Kubík, Š. (Author), Letan, Ernest (Author), Mihal, S. (Author), Nová, M. (Author), Rapavá, I. (Author), Sorel, Július (Author), Schultz, F. (Author), Vámoši, M. (Author)
Format: Book
Language:Slovak
PhysicalDescription:238 s. V. 8°
Published: Bratislava Práca 1953
Edition:1. vyd.
Subjects:

MARC

LEADER 00000cam a2200000 a 4500
001 vtls008403364
003 SK-MaSNL
005 20260302074803.0
008 181109s1953 xo a 000 0 slo
015 |a SKSNBA19451955-012964 
035 |a SK01SNKBKSFS20020095581 
035 |a SKM000098044 
040 |a SNK  |b slo  |c SNK  |e AACR2 
041 0 |a slo 
044 |a xo  |c SK 
080 |a 331.88  |2 1981 
080 |a 61  |2 1981 
245 0 0 |a Úlohy ROH pri rozvíjaní starostlivosti o zdravie pracujúcich  |c [sprac. autor. kolektív: T. Skalický, J. Kubín, J. Jonáš, E. Makovický, K. Šramel, J. Červenka, O. Fajkus, M. Hubač, E. Just, M. Kolínová, Š. Kubík, E. Letan, S. Mihal, M. Nová, I. Rapavá, J. Sorel, F. Schultz, M. Vámoši] 
250 |a 1. vyd. 
260 |a Bratislava  |b Práca  |c 1953  |e Bratislava  |f Grafické tlačiarne 
300 |a 238 s.  |c V. 8° 
366 |e 10.400 výtlač. 
500 |a Ilustrované 
650 0 7 |a odbory  |2 SNKPH  |9 2328 
650 0 7 |a zdravotná starostlivosť  |2 SNKPH  |9 1303 
655 7 |a knihy  |2 SNKPH  |9 307098 
700 1 |a Skalický, T.  |4 aut  |9 710919 
700 1 |a Kubín, J.  |4 aut  |9 590720 
700 1 |a Jonáš, Ján,  |d 1919-1977  |4 aut  |9 40138 
700 1 |a Makovický, Emil,  |d 1910-2002  |4 aut  |9 102166 
700 1 |a Šramel, K.  |4 aut  |9 740832 
700 1 |a Červenka, Juraj,  |d 1918-2001  |4 aut  |9 157560 
700 1 |a Fajkus, O.  |4 aut  |9 590722 
700 1 |a Hubač, M.  |4 aut  |9 554885 
700 1 |a Just, E.  |4 aut  |9 740833 
700 1 |a Kolinová, M.  |4 aut  |9 590724 
700 1 |a Kubík, Š.  |4 aut  |9 590725 
700 1 |a Letan, Ernest  |4 aut  |9 342889 
700 1 |a Mihal, S.  |4 aut  |9 740834 
700 1 |a Nová, M.  |4 aut  |9 271838 
700 1 |a Rapavá, I.  |4 aut  |9 590727 
700 1 |a Sorel, Július  |4 aut  |9 469505 
700 1 |a Schultz, F.  |4 aut  |9 590728 
700 1 |a Vámoši, M.  |4 aut  |9 433349 
852 |a Slovenská národná knižnica v Martine  |b 10000  |h MS SD 8563 
958 |a OND 
958 |a RK 
958 |a TL 
999 |c 1166484  |d 1168414 
952 |a SNK  |b SNK  |y PREZ  |7 0  |p 17A0368294  |o snkSD 8563  |i snkVIII. 5053/53  |0 0  |1 0  |4 0  |d 2002-12-14  |l 0  |r 2025-11-21 00:00:00  |w 2026-02-24 
952 |a SNK  |b SNK  |y VYP  |7 0  |p 17A1150025  |o snkSD 8563 D2  |i snkKSF 44/56  |8 5  |0 0  |1 0  |4 0  |d 2016-04-05  |l 0  |r 2026-02-24 20:50:31  |w 2026-02-24 
952 |a SNK  |b SNK  |y VYP  |7 0  |p 17A1185246  |o snkSD 8563 D1  |i snkKSF 43/56  |8 5  |0 0  |1 0  |4 0  |d 2016-04-07  |l 0  |r 2026-02-24 20:50:31  |w 2026-02-24